000 00371nam a2200145 i 4500
001 bg
100 1 _aCICHOŃ, Władysław
245 0 _aRola wartości moralnych w organizacji życia gospodarczego /
_cWładysław Cichoń.
260 _aKraków,
_c1974.
040 _cBPK
041 _apol
080 _a338
942 _cKS
008 s pl f |000 0 pol
999 _c16152
_d16152
856 _uhttp://koha.tu.koszalin.pl/cgi-bin/koha/opac-detail.pl?biblionumber=16152
_yKatalog online BPK